Traduction Français/Anglais : VIII.3. Haves and have-nots - Statistiques

Statistiques générales
  • Ce quiz a été pris 2 fois
  • Le résultat moyen est 4 sur 50
Statistiques - réponses
Hint Réponse % Correct
un exode an exodus
100%
un expatrié an expatriate
100%
un quota a quota
100%
rejeté rejected
100%
les médecins français ( MSF, etc.) the French Doctors
100%
avoir besoin to need
100%
un abri a shelter
50%
la pauvreté poverty
50%
un mendiant a beggar
0%
un milliardaire a billionaire
0%
abolition abolition
0%
indigènes aborigines
0%
un organisme humanitaire a charity
0%
un civil a civilian
0%
une denrée a commodity
0%
un camp de concentration a concentration camp
0%
un dissident a dissenter
0%
un marginal a dropout
0%
un drogué a drug addict
0%
un raté, un échec a failure
0%
l’abondance, l’aisance affluence
0%
un écart a gap
0%
un génocide a genocide
0%
un ghetto a ghetto
0%
un gitan a gipsy
0%
un juif / une juive a Jew / a Jewess
0%
un massacre a massacre
0%
une tuerie a mass-killing
0%
un noir a negro
0%
un exilé an exile
0%
un nomade a nomad
0%
un opposant an opponent
0%
une minorité opprimée an oppressed minority
0%
une (rude) épreuve an ordeal
0%
un paria an outcast
0%
un marginal an underdog
0%
un soulèvement an uprising
0%
un parvenu an upstart
0%
un pionnier a pioneer
0%
une situation critique, désespérée a plight
0%
une puissance a power
0%
(un) préjugé (a) prejudice
0%
une réserve a reservation
0%
un bidonville a shanty town
0%
une pénurie a shortage
0%
une tuerie, un carnage a slaughter
0%
un esclave a slave
0%
un taudis a slum
0%
une soupe populaire a soup kitchen
0%
un atelier clandestin a sweatshop
0%
un territoire a territory
0%
un régime totalitaire a totalitarian regime
0%
un clochard a tramp
0%
une tribu a tribe
0%
épouvantable(ment) awful(ly)
0%
les Noirs Blacks
0%
les droits civiques civil rights
0%
les gens de couleur coloured people
0%
compatissant compassionate
0%
méprisant contemptuous
0%
avec mépris contemptuously
0%
la dette debt
0%
la privation deprivation
0%
désespéré(ment) desperately
0%
démuni de tout destitute
0%
le dénuement, l’indigence destitution
0%
développé developed
0%
en voie de développement developing
0%
discriminatoire discriminatory
0%
opprimé downtrodden
0%
effroyable(ment) dreadful(ly)
0%
la sécheresse drought
0%
égalitaire egalitarian
0%
l’aide d’urgence emergency relief
0%
l’égalité des droits equal rights
0%
dépensier, prodigue extravagantly
0%
la famine famine
0%
la privation hardship
0%
l’aide help / aid
0%
le fait d’être sans toit homelessness
0%
illégal(ement) illegal
0%
mal nourri ill-fed
0%
les immigrés immigrants
0%
industrialisé industrialized
0%
les inégalités inequalities
0%
la pression influence
0%
la solitude loneliness
0%
le luxe luxury
0%
la malnutrition malnutrition
0%
implacable merciless
0%
malheureux, triste miserable
0%
les inadaptés misfits
0%
les autochtones natives
0%
la persécution persecution
0%
abondant plentiful
0%
l’abondance plenty
0%
précaire precarious
0%
plein de préjugés prejudiced
0%
des pressions pressure
0%
prospère prosperous
0%
les relations raciales race relations
0%
racial racial
0%
sur le plan racial racially
0%
le racisme racism
0%
le rejet, l’exclusion rejection
0%
les richesses riches
0%
l’exode rural rural exodus
0%
impitoyable ruthless
0%
abondant scarce
0%
le manque scarcity
0%
colons settlers
0%
l’esclavage slavery
0%
la misère noire, la racaille squalor
0%
l’inanition, la famine starvation
0%
mourant de faim starving
0%
le standing status
0%
bienveillant (avec bienveillance) sympathetic(ally)
0%
les déshérités the deprived
0%
les indigents the destitute
0%
les pouvoirs établis the Establishment
0%
la limite des terres the Frontier
0%
les sans-abri the homeless
0%
les couches inférieures the lower classes
0%
les nécessiteux the needy
0%
les pauvres the poor
0%
les pauvres the poor
0%
la prairie the prairie
0%
les Indiens rouges the (Red) Indians
0%
la Croix-Rouge the Red ross
0%
les riches the rich / the wealthy
0%
la racaille the scum
0%
le tiers monde the Third World
0%
les défavorisés the underprivileged
0%
les couches supérieures the upper classes
0%
les bien-aisés the well-off
0%
les gens aisés the well-to-do
0%
le Far West the Wild West
0%
annexer to annex
0%
mendier to beg
0%
conquérir to conquer
0%
écraser, réprimer to crush
0%
décimer to decimate
0%
déporter to deport
0%
priver to deprive
0%
faire de la discrimination (contre) to discriminate ( against )
0%
déplacer to displace
0%
déposséder to dispossess
0%
distribuer to distribute / to deal out
0%
émigrer to emigrate
0%
exploiter to exploit / to sweat
0%
exterminer to exterminate
0%
rater, échouer to fail
0%
fuir to flee
0%
intervenir to intervene
0%
se déplacer to migrate
0%
opprimer to oppress
0%
mettre hors-la-loi to outlaw
0%
posséder to own
0%
persécuter to persecute
0%
fournir to provide / to supply
0%
rejeter to reject
0%
soulager to relieve
0%
se révolter to revolt
0%
mépriser to scorn
0%
pratiquer la ségrégation to segregate
0%
saisir to seize
0%
abriter to shelter
0%
étaler ses biens to show off wealth
0%
mourir de faim to starve
0%
réprimer to suppress
0%
travailler dur to toil
0%
torturer to torture
0%
sous-développé underdeveloped
0%
la richesse wealth
0%
bien nourri well-fed
0%
aisé well-off
0%
les Blancs Whites
0%
misérable wretched
0%
la misère, l’extrême pauvreté wretchedness
0%
Aucun quiz correspondant
Distribution des résultats
% des personnes avec chaque résultat
Percentile par nombre de réponses
Votre historique - résultats
Vous n’avez pas pris ce quiz